Spongebob Characters Quiz Stats

 Plays Quiz not verified by Sporcle

Also try: Superhero TV Shows
Challenge
Share
Tweet
Embed
Score 0/8 Timer 05:00
0 Plays Today
Description Name % Correct
FriendPatrick
96.1%
PetGary
96.1%
Plays clarinetSquidward
96.1%
SquirelSandy
94.1%
Main characterSpongebob
92.2%
Wants FormulaPlankton
92.2%
Driving teacherMrs. Puff
92.2%
Owner of Krusty KrabMr. Krabbs
49%

You're not logged in!

Compare scores with friends on all Sporcle quizzes.
OR
Log In

You Might Also Like...

Show Comments

Extras

Top Quizzes Today


Score Distribution

Your Account Isn't Verified!

In order to create a playlist on Sporcle, you need to verify the email address you used during registration. Go to your Sporcle Settings to finish the process.

Report this User

Report this user for behavior that violates our Community Guidelines.

Details: